Polscy piłkarze którzy grali w Premier League - Statystyki

Ogólne statystyki
  • Ten quiz został rozwiązany 53 razy
  • Średni wynik to 15 z 23
Statystyki odpowiedzi
KLUBY: PIŁKARZE: % Poprawnych
ArsenalSwansea City West Ham United Łukasz Fabiański
100%
Arsenal Wojciech Szczęsny
98%
Aston Villa Matty Cash
96%
Arsenal Jakub Kiwior
94%
SouthamptonAston Villa Jan Bednarek
94%
Liverpool Jerzy Dudek
94%
West Bromwich AlbionManchester United Tomasz Kuszczak
90%
SouthamptonBournemouth Artur Boruc
88%
Leicester City Marcin Wasilewski
88%
Brighton Jakub Moder
87%
Leeds United Mateusz Klich
85%
Hull CityWest Bromwich Albion Kamil Grosicki
79%
TottenhamBolton Wanderers Grzegorz Rasiak
77%
Norwich City Przemysław Płacheta
63%
West Bromwich Albion Grzegorz Krychowiak
62%
Leicester City Jakub Stolarczyk
37%
Bolton Wanderers Ebi Smolarek
35%
Portsmouth Emmanuel Olisadebe
25%
Everton Robert Warzycha
21%
Bolton Wanderers Jarosław Fojut
19%
Birmingham City Piotr Świerczewski
19%
Aston VillaSunderland Dariusz Kubicki
10%
Coventry City Zbigniew Kruszyński
2%
Nie znaleziono quizów pasujących do podanych kryteriów
Rozkład punktacji
Procent ludzi z każdym wynikiem
Percentyl według liczby udzielonych odpowiedzi
Twoja historia wyników
Nie rozwiązałeś tego quizu